| 000 | 00429nam a2200169Ia 4500 | ||
|---|---|---|---|
| 008 | 260520s2025 xx 000 0 und d | ||
| 020 | _a978-93-48613-26-4 | ||
| 041 | _aeng | ||
| 082 | _a519-54/LAL | ||
| 100 | _aLal, B B | ||
| 245 | _aTesting of Hypothesis and Applied Statistics | ||
| 250 | _a1st ed | ||
| 260 |
_aMEERUT _bPragati Prakashan _c2025 |
||
| 300 | _a360p. | ||
| 500 | _aCat No: 14973 | ||
| 650 | _aSTATISTICS | ||
| 999 |
_c1221779 _d1221779 |
||